European Cup and UEFA Champions League winners - Statistics

General Stats
  • This quiz has been taken 65 times
  • The average score is 11 of 16
Answers on the Grid
Answers color-coded by a green-red scale on the quiz's grid according to % correct below.
Ajax
Arsenal
Aston Villa
Atletico Madrid
Barcelona
Bayer Leverkusen
Bayern Munich
Benfica
Celtic
Everton
Feyenoord
Fiorentina
Galatasaray
Inter Milan
Juventus
Liverpool
Manchester United
Milan
Monaco
Nottingham Forest
Panathinaikos
Porto
PSV
Rangers
Real Madrid
Roma
Sampdoria
Sevilla
Tottenham Hotspur
Valencia
 
Answer Stats
Answer % Correct
Ajax
96%
Barcelona
84%
Celtic
82%
Manchester United
80%
Real Madrid
71%
Aston Villa
65%
Bayern Munich
65%
Liverpool
65%
Milan
65%
Inter Milan
63%
Nottingham Forest
63%
Juventus
61%
Benfica
59%
Porto
53%
Feyenoord
51%
PSV
45%
No matching quizzes found
Score Distribution
Percent of People with Each Score
Percentile by Number Answered
Your Score History
You have not taken this quiz